000 00473nam a22001575i 4500
001 162896
003 ES-MaACL
005 20230906212627.0
008 940615s1887 fr |||| | fre d
040 _aCAM
_bspa
100 1 _aRaffalovich, Arthur.
_994965
245 1 3 _aLe logement de l'ouvrier et du pauvre /
_cpar Arthur Raffalovich.
260 _aParĂ­s :
_bLib. Guillaumin et C<ie>,
_c1887.
300 _a486 p. ;
_c19 cm.
852 _aES-MaACL
_jD-909
_z-- Enc. hol.
999 _c162896
_d162896